Słodycze Kindera występujące w Polsce - Statystyki

Ogólne statystyki
  • Ten quiz został rozwiązany 451 razy
    432 od ostatniego zresetowania
  • Średni wynik to 6 z 14
Statystyki odpowiedzi
Odpowiedź % Poprawnych
Kinder bueno
82%
Kinder Niespodzianka
73%
Kinder joy
71%
Kinder country
64%
Kinder cards
51%
Kinder maxi
46%
Kinder mleczna kanapka
42%
Kinder maxi king
28%
Kinder schoko bons
28%
Kinder delice
25%
KInder pinguin
17%
Kinder hippo
14%
Kinder choco fresh
8%
Kinder yoghurt slice
3%
Nie znaleziono quizów pasujących do podanych kryteriów
Rozkład punktacji
Procent ludzi z każdym wynikiem
Percentyl według liczby udzielonych odpowiedzi
Twoja historia wyników
Nie rozwiązałeś tego quizu od ostatniego zresetowania